العلم وشروط النهضة : التصورات العلمية الجديدة والتأسيس العلمى للنهضة العربية /

يمثل هذا الكتاب محصلة لأعمال الندوة المصرية الفرنسية الثالثة التى انعقدت بالقاهرة فى الفترة من 29 سبتمبر الى اول اكتوبر 1990 فى موضوع التحولات الديمقراطية فى الوطن العربى....

全面介绍

Saved in:
书目详细资料
主要作者: أبو زيد، سمير
格式: 图书
语言:阿拉伯语
出版: القاهرة : مكتبة مدبولي، 2008.
主题:
标签: 添加标签
没有标签, 成为第一个标记此记录!

MARC

LEADER 00000nam a22000007a 4500
003 INP
005 20201003222503.0
008 171231s2008 ua ||||fr|||| 00| 0 ara d
952 |0 0  |1 0  |4 0  |6 301_240000000000000_أ_ع  |7 0  |8 arabic_Boo  |9 20707  |a INP  |b INP  |c MAIN  |d 2020-09-08  |l 0  |o 301.24 أ ع  |p 021526  |r 2022-03-28 00:00:00  |w 2020-09-08  |y BK 
999 |c 16759  |d 16759 
017 |a 2007/14637 
020 |a 9772086867 
040 |a EG-INP  |b ara  |c EG-INP 
082 0 4 |2 21  |a 301.24  |b أ ع 
100 1 |a  أبو زيد، سمير 
245 1 2 |a العلم وشروط النهضة :   |b التصورات العلمية الجديدة والتأسيس العلمى للنهضة العربية /   |c  سمير أبو زيد. 
260 |a القاهرة :   |b مكتبة مدبولي،   |c 2008. 
300 |a 555 ص. ؛   |c 24 سم. 
520 |a يمثل هذا الكتاب محصلة لأعمال الندوة المصرية الفرنسية الثالثة التى انعقدت بالقاهرة فى الفترة من 29 سبتمبر الى اول اكتوبر 1990 فى موضوع التحولات الديمقراطية فى الوطن العربى. 
650 7 |2 qramk  |a العلم والحضارة 
650 7 |2 qramk  |a التطور الإجتماعي 
650 7 |2 qramk  |a التنمية الاجتماعية 
901 |a EGPV2 
903 |a original 
942 |2 ddc  |c BK